Normale Ansicht MARC-Ansicht ISBD

Gesta pontificum Anglorum (Titelsatznr. 29508)

[ MARC ]
MARC-Details
000 -Satzkennung
Kontrollfeld mit fester Länge 01158nam a22002651cc4500
001 - Kontrollnummer
Kontrollfeld a987692951+Volume1
035 ## - Systemkontrollnummer
System-Kontrollnummer a987692951
008 - Feld mit fester Länge zur physischen Beschreibung - Allgemeine Angaben
Kontrollfeld mit fester Länge 191220s2007 gw |||| 000u eng d
020 ## - Internationale Standardbuchnummer
Internationale Standardbuchnummer 9780198207702
-- 978-0-19-151337-4
Verknüpfung 978-0-19-820770-2
040 ## - Katalogisierungsquelle
Übertragungsstelle RU-10907106
003 - Kontrollnummer Identifier
Kontrollfeld RU-10907106
245 00 - Titel
Titel Gesta pontificum Anglorum
Verfasserangabe etc. William of Malmesbury ; edited and translated by M. Winterbottom with the assistance of R. M. Thomson
Zählung des Teils/der Abteilung eines Werkes Volume one
Titel eines Teils/einer Abteilung eines Werkes Text and Translation /
264 ## - Produktion, Veröffentlichung, Distribution, Herstellung und Urheberrechtsvermerk
Herstellungs-, Veröffentlichungs- Vertriebs-, Erzeugungsort Oxford, [England] ; New York :
Produzent, Herausgeber, Distributor, Hersteller Clarendon Press,
Datum der Herstellung, der Veröffentlichung, des Vertriebs oder des Urheberschutzvermerks 2007
246 12 - Titelvarianten
Hauptsachtitel/Kurztitel Gesta pontificum Anglorum : The History of the English Bishops. Text and Translation
Zählung des Teils/der Abteilung eines Werkes Volume one
300 ## - Physische Beschreibung
Umfang 1 Online-Ressource (728 pages)
336 ## - Inhaltstyp
Inhaltstypterm Text
Inhaltstypcode txt
Quelle rdacontent
337 ## - Medientyp
Bezeichnung des Medientyps Computermedien
Medientypcode c
Quelle rdamedia
338 ## - Datenträgertyp
Datenträgertypbezeichnung Online-Ressource
Datenträgertypcode cr
Quelle rdacarrier
500 ## - Allgemeine Fußnote
Allgemeine Fußnote E-Book-ProQuest / Fernzugriff nach Registrierung möglich
500 ## - Allgemeine Fußnote
Allgemeine Fußnote Includes bibliographical references and index
655 #0 - Indexierungsterm - Genre/Form
Genre/Form oder fokussierter Term Fernzugriff
Koha-Normdatenidentnummer 230
773 08 - Übergeordnete Einheit
Datensatzkontrollnummer a987692951
Zählung und erste Seite Volume1
856 4# - Elektronische Adresse und Zugriff
URL <a href="https://ebookcentral.proquest.com/lib/maxweberstiftung-ebooks/detail.action?docID=430603">https://ebookcentral.proquest.com/lib/maxweberstiftung-ebooks/detail.action?docID=430603</a>
942 ## - Zusätzliche Felder (Koha)
Koha-Medientyp E-Books
Exemplare
Ausgeschieden Verloren Beschädigt Nicht entleihbar Heimatbibliothek Aufenthaltsbibliothek Aufstellungsort Erwerbungsdatum Inventarnummer Signatur Barcode Letzte Aktivität Preis gültig von Koha-Medientyp
        MWN Osteuropa MWN Osteuropa Online-Ressource 20/12/2019 19-e00830 E-19-e00830 29512 18/03/2021 22/03/2021 E-Books